José Joaquín Olmedo: Bicentenario de su nacimiento 1780-1980

Guardat en:
Dades bibliogràfiques
Autor corporatiu: Fundación La Casa de Bello (Autor)
Format: Llibre
Idioma:espanyol
Publicat: Caracas La Casa de Bello 1980
Matèries:
Etiquetes: Afegir etiqueta
Sense etiquetes, Sigues el primer a etiquetar aquest registre!

MARC

LEADER 00000nam a2200000 a 4500
001 UCG1162
003 CL-VaPUC
008 100422e19800000VE |||||||||||||||||spa|d
082 0 4 |a 986.6  |b FUN  |2 21 
110 2 |a Fundación La Casa de Bello  |e author  |9 548944 
245 1 0 |a José Joaquín Olmedo: Bicentenario de su nacimiento 1780-1980 
300 |a 85 p 
942 |c BK 
945 |d 20100422 00:00:00  |a dcastane 
260 |a Caracas  |b La Casa de Bello  |c 1980 
650 7 |a POESIAS ECUATORIANAS  |2 CL-VaPUC  |9 321113 
650 7 |a LITERATURA ECUATORIANA  |2 CL-VaPUC  |9 419346 
583 |a last modification  |c 20100422 00:00:00  |k Rodrigo Vera 
999 |c 340590  |d 340588 
952 |0 0  |1 0  |4 0  |6 986_600000000000000_FUN_1980  |7 0  |8 A  |9 435447  |a BIBHIS  |b BIBHIS  |d 2019-11-22  |i 4663241  |o 986.6 FUN 1980  |p 4663241  |r 2025-01-20  |w 2019-11-22  |y BK  |k HIS